Lourdes / (Record no. 131962)
[ view plain ]
| 000 -LEADER | |
|---|---|
| fixed length control field | 00533cam a2200193 4500 |
| 008 - FIXED-LENGTH DATA ELEMENTS--GENERAL INFORMATION | |
| fixed length control field | 1942 spa |
| 050 #4 - LIBRARY OF CONGRESS CALL NUMBER | |
| Classification number | PQ2510 |
| Item number | Z64 1942 |
| 100 1# - MAIN ENTRY--PERSONAL NAME | |
| Personal name | Zola, Emilio |
| 245 #0 - TITLE STATEMENT | |
| Title | Lourdes / |
| Statement of responsibility, etc | Emilio Zola ; tr. A. Jover Peralta. |
| 260 ## - PUBLICATION, DISTRIBUTION, ETC. (IMPRINT) | |
| Place of publication, distribution, etc | Buenos Aires : |
| Name of publisher, distributor, etc | Sopena, |
| Date of publication, distribution, etc | 1942 |
| 300 ## - PHYSICAL DESCRIPTION | |
| Extent | V. ; |
| Dimensions | 22 cm. |
| 440 #0 - SERIES STATEMENT/ADDED ENTRY--TITLE | |
| Title | Biblioteca Mundial Sopena |
| 500 ## - GENERAL NOTE | |
| General note | 1 juego de los V.1 y 2 |
| 650 #4 - SUBJECT ADDED ENTRY--TOPICAL TERM | |
| Topical term or geographic name as entry element | Literatura |
| 700 1# - ADDED ENTRY--PERSONAL NAME | |
| Personal name | Jover Peralta, A., |
| Relator term | tr. |
| 942 ## - ADDED ENTRY ELEMENTS (KOHA) | |
| Source of classification or shelving scheme | Biblioteca del Cogreso de los Estados Unidos |
| Koha item type | Libro |
| Estado de pérdida | Fuente de clasificación | Estado del daño | No para préstamo | Ubicación permanente | Ubicación actual | Apartado o colección | Fecha de adquisición | Edición | Dependencia de educación superior (DES) | Área del conocimiento | Clasificación | Código de Barras | Date last seen | Número de copia | Tipo de recurso |
|---|---|---|---|---|---|---|---|---|---|---|---|---|---|---|---|
| Biblioteca del Cogreso de los Estados Unidos | Biblioteca de la Facultad de Filosofía | Biblioteca de la Facultad de Filosofía | General | 24/04/2017 | 1a. ed. | Humanidades | Educación y Humanidades | PQ2510 Z64 1942 | BFF000026692 | 24/04/2017 | C:1 T.I | Libro | |||
| Biblioteca del Cogreso de los Estados Unidos | Biblioteca de la Facultad de Filosofía | Biblioteca de la Facultad de Filosofía | General | 24/04/2017 | 1a. ed. | Humanidades | Educación y Humanidades | PQ2510 Z64 1942 | BFF000026693 | 24/04/2017 | C:1 T.II | Libro |